000 00629nam a2200241 a 4500
001 0001-1336
003 ELIB.Books
008 150825 2010 eng
020 _a13: 9781565125117
035 _a(ELIB.Books)0001-1491
092 _a820.02
_bCop
100 _aCopeland, Cyrus M.
245 _aA Wonderful Life
260 _aCarolina
_bAlgonquin Books of Chapel Hill
_c2006
300 _a296
_c20 Cm
500 _aDr. Min Oo
650 _aEulogies (English Literature)
856 _nKBTS: Library
_uKBTS: Elib
942 _2ddc
_cBK
990 _a1
998 _cbat
_e2015-08-25
999 _c11336
_d11336